00685nam a22001937a 4500003000500000005001700005008004100022010001000063011001000073035001000083040000900093100002800102245014700130260009000277300001000367490003800377650003800415830003800453CHAP20220329135953.0971013s1983 r 00010 d a44924 a45896 a50036 cCHAP00aUrrutia Campos, José. aMetodología para la identificación, formulación, ejecución y evaluación de proyectos productivos con participación de la comunidad aMéxico, D.F. :bInstituto Nacional de Capacitación del Sector Agropecuario,c1983 a32 p. aCuadernos de capacitaciónv; 1314aDesarrollo de la comunidad rural.0 aCuadernos de capacitaciónv; 13